000 01065cam a2200337 i 4500
999 _c200436554
_d54766
001 200436554
003 TR-AnTOB
005 20240925073656.0
007 ta
008 170907m20171941tu 00001 tur
020 _a9789754379044
040 _aB9K
_beng
_erda
_cB9K
_dTR-AnTOB
041 0 _atur
050 0 0 _aPL248.A899
090 _aPL248.A899
_bD35 2017
100 1 _aAtsız, Hüseyin Nihal
_d1905-1975
_eauthor
_925284
245 1 0 _aDalkavuklar gecesi :
_bZ vitamini /
_cHüseyin Nihâl Atsız.
246 3 1 _aZ vitamini
250 _a14. basım
264 1 _aİstanbul :
_bÖtüken Neşriyat,
_c2017.
300 _a136 pages ;
_c20 cm
336 _atext
_2rdacontent
_btxt
337 _aunmediated
_2rdamedia
_bn
338 _avolume
_2rdacarrier
_bnc
490 0 _aÖtüken Yayın ;
_v839
_aEdebi eserler ;
_v359
500 _aTwo works bound together ; the 2nd work has title: Z vitamini.
590 _aDonated by Semagül Işıklı.
650 7 _aTürk romanı
_2etuturkob
_99421
942 _2lcc
_cBK